| 000 | 00490nam a2200193 a 4500 | ||
|---|---|---|---|
| 001 | 1768017001975 | ||
| 003 | YourLibrary | ||
| 005 | 20260110115847.0 | ||
| 008 | 260110s2009##################000#0#eng## | ||
| 020 | _a9781841694511 | ||
| 082 | 0 | 4 |
_a302.12 _bSTR |
| 100 | 1 |
_aStrack, Fritz, _eauthor. |
|
| 245 | 1 | 0 | _aSocial Cognition : |
| 260 |
_bTaylor & Francis US, _c2009. |
||
| 300 | _a360 pages | ||
| 650 | 0 | _aPsychology. | |
| 942 | _cENGLISH | ||
| 040 |
_aYourLibrary _beng _cYourLibrary |
||
| 999 |
_c608150 _d608150 |
||